000
00271nam a2200109Ia 4500
008
200302s9999 xx 000 0 und d
100
_a
A M Micheal & Others
245
_a
Water Wells And Pumps
260
_b
Mcgraw Hill Eduction Pvt. Ltd.
260
_c
2014
300
_a
695 P
999
_c
4214
_d
4214